[Event "Sant Boi op"]
[Site "Sant Boi de Llobregat"]
[Date "2016.11.05"]
[Round "6.1"]
[White "Lorenzo Marfil, Jorge"]
[Black "Tordera Jumilla, Joaquim"]
[Result "1-0"]
[WhiteElo "1624"]
[BlackElo "1383"]
[PlyCount "109"]
[EventDate "2016.10.01"]
[EventType "tourn"]
[EventRounds "9"]
[EventCountry "ESP"]
[SourceTitle "EXT 2024"]
[Source "ChessBase"]
[SourceDate "2023.10.10"]
[SourceVersion "1"]
[SourceVersionDate "2023.10.10"]
[SourceQuality "1"]

1. d4 Nf6 2. e3 h6 3. Bd3 Nc6 4. Nd2 d5 5. c3 Bg4 6. Ngf3 e6 7. h3 Bh5 8. 0-0 Bd6 9. a3 Qe7 10. Qe2 a6 11. b4 b5 12. Bb2 0-0 13. Nb3 Ne4 14. Nc5 Bg3 15. Nxe4 Bxf3 16. Qxf3 dxe4 17. Bxe4 Qd6 18. fxg3 f5 19. Bxc6 Rad8 20. Rad1 Rf6 21. a4 Rdf8 22. axb5 axb5 23. Bxb5 g5 24. Qf2 Qd5 25. Be2 Qb3 26. Rb1 Qd5 27. Ba3 Qe4 28. b5 R8f7 29. Bh5 Rg7 30. Bf3 Qd3 31. Rfc1 f4 32. Be2 Qe4 33. Rf1 Rh7 34. gxf4 h5 35. Bf3 Qd3 36. Rfc1 Rg6 37. Bc5 g4 38. Be2 Qe4 39. h4 Rf6 40. g3 Rhf7 41. Rf1 Qc2 42. Bb4 Qe4 43. c4 Rf5 44. Bc3 Kg7 45. c5 e5 46. dxe5 Kg6 47. b6 Rxf4 48. exf4 Kf5 49. b7 Rf8 50. b8Q Rxb8 51. Rxb8 Ke6 52. Re1 c6 53. Re8+ Kd7 54. Rh8 Qc2 55. Qd4+ 1-0